[Event "EYCC Open U14 2021"]
[Site "Tornelo"]
[Date "2021.10.15"]
[Round "8.12"]
[White "Poupalos, Nikolaos"]
[Black "Seyid, Huseyn"]
[Result "1/2-1/2"]
[WhiteElo "1964"]
[BlackElo "1781"]
[Annotator "ChessBase"]
[PlyCount "57"]
[EventDate "2021.10.15"]
[EventType "swiss"]
[EventCountry "NET"]
[SourceTitle "playchess.com"]
[Source "ChessBase"]
[SourceQuality "1"]
[TimeControl "5400+30"]

1. e4 {[%emt 0:00:30]} c6 {[%emt 0:00:35]} 2. d4 {[%emt 0:00:19]} d5 {[%emt 0:00:03]} 3. e5 {[%emt 0:00:16]} Bf5 {[%emt 0:00:04]} 4. h4 {[%emt 0:00:22]} h5 {[%emt 0:00:09]} 5. Bd3 {[%emt 0:00:31]} Bxd3 {[%emt 0:00:03]} 6. Qxd3 {[%emt 0:00:41]} e6 {[%emt 0:00:02]} 7. Nf3 {[%emt 0:01:24]} Qb6 {[%emt 0:00:15]} 8. O-O {[%emt 0:01:04]} Ne7 {[%emt 0:00:08]} 9. Nbd2 {[%emt 0:03:31]} Nf5 {[%emt 0:00:05]} 10. c4 {[%emt 0:01:24]} Be7 {[%emt 0:01:13]} 11. g3 {[%emt 0:03:02]} Na6 {[%emt 0:02:43]} 12. a3 {[%emt 0:01:47]} Nc7 {[%emt 0:01:59]} 13. b4 {[%emt 0:05:07]} dxc4 {[%emt 0:04:41]} 14. Nxc4 {[%emt 0:00:47]} Qa6 {[%emt 0:00:02]} 15. Bg5 {[%emt 0:12:20]} Bxg5 {[%emt 0:08:29]} 16. Nxg5 {[%emt 0:01:01]} Rd8 {[%emt 0:02:23]} 17. Rfd1 {[%emt 0:11:35]} O-O {[%emt 0:11:35]} 18. Qc2 {[%emt 0:10:39]} Nb5 {[%emt 0:04:51]} 19. Ne3 {[%emt 0:03:42]} Nbxd4 {[%emt 0:04:35]} 20. Rxd4 {[%emt 0:01:55]} Rxd4 {[%emt 0:00:17]} 21. Nxf5 {[%emt 0:00:11]} exf5 {[%emt 0:00:22]} 22. e6 {[%emt 0:01:14]} fxe6 {[%emt 0:03:20]} 23. Nxe6 {[%emt 0:00:45]} Qc4 {[%emt 0:04:29]} 24. Nxd4 {[%emt 0:00:29]} Qxd4 {[%emt 0:00:04]} 25. Rd1 {[%emt 0:01:57]} Qe5 {[%emt 0:02:06]} 26. Qc4+ {[%emt 0:07:00]} Kh8 {[%emt 0:02:40]} 27. Qd4 {[%emt 0:00:33]} Qxd4 {[%emt 0:00:58]} 28. Rxd4 {[%emt 0:00:08]} Rf7 {[%emt 0:00:31]} 29. Kg2 {[%emt 0:00:19]} 1/2-1/2

[Event "EYCC Open U14 2021"]
[Site "Tornelo"]
[Date "2021.10.15"]
[Round "9.1"]
[White "Habans Aguerrea, Javier"]
[Black "Seemann, Jakub"]
[Result "1-0"]
[WhiteElo "2308"]
[BlackElo "2299"]
[Annotator "ChessBase"]
[PlyCount "91"]
[EventDate "2021.10.15"]
[EventType "swiss"]
[EventCountry "NET"]
[SourceTitle "playchess.com"]
[Source "ChessBase"]
[SourceQuality "1"]
[TimeControl "5400+30"]

1. c4 {[%emt 0:00:30]} e6 {[%emt 0:00:45]} 2. g3 {[%emt 0:00:11]} d5 {[%emt 0:00:05]} 3. Bg2 {[%emt 0:00:27]} dxc4 {[%emt 0:00:44]} 4. Qa4+ {[%emt 0:02:41]} Nd7 {[%emt 0:00:09]} 5. Qxc4 {[%emt 0:00:57]} Ngf6 {[%emt 0:03:59]} 6. Nf3 {[%emt 0:01:01]} a6 {[%emt 0:02:56]} 7. Qc2 {[%emt 0:01:15]} Rb8 {[%emt 0:06:17]} 8. O-O {[%emt 0:00:21]} Be7 {[%emt 0:01:02]} 9. Rd1 {[%emt 0:01:22]} O-O {[%emt 0:00:08]} 10. d4 {[%emt 0:01:29]} b5 {[%emt 0:09:07]} 11. Ne5 {[%emt 0:11:06]} Nxe5 {[%emt 0:01:52]} 12. dxe5 {[%emt 0:00:07]} Nd5 {[%emt 0:01:04]} 13. Nc3 {[%emt 0:01:45]} Nb4 {[%emt 0:02:53]} 14. Qe4 {[%emt 0:19:24]} Qe8 {[%emt 0:00:19]} 15. a3 {[%emt 0:04:39]} Nd5 {[%emt 0:02:17]} 16. Nxd5 {[%emt 0:00:06]} exd5 {[%emt 0:00:05]} 17. Qxd5 {[%emt 0:00:04]} Be6 {[%emt 0:04:34]} 18. Qe4 {[%emt 0:06:12]} Bc4 {[%emt 0:12:48]} 19. Bf4 {[%emt 0:04:16]} g5 {[%emt 0:11:42]} 20. Be3 {[%emt 0:06:55]} f5 {[%emt 0:10:48]} 21. Qc2 {[%emt 0:04:10]} f4 {[%emt 0:01:41]} 22. Ba7 {[%emt 0:00:41]} Ra8 {[%emt 0:05:44]} 23. b3 {[%emt 0:15:13]} Bxe2 {[%emt 0:02:30]} 24. Bxa8 {[%emt 0:03:29]} Qxa8 {[%emt 0:04:06]} 25. Qxe2 {[%emt 0:00:05]} Qxa7 {[%emt 0:00:25]} 26. g4 {[%emt 0:04:50]} f3 {[%emt 0:05:19]} 27. Qe3 {[%emt 0:01:18]} c5 {[%emt 0:01:35]} 28. e6 {[%emt 0:00:56]} Qb8 {[%emt 0:01:00]} 29. Rd7 {[%emt 0:00:31]} Qe8 {[%emt 0:00:06]} 30. Rad1 {[%emt 0:01:15]} h5 {[%emt 0:02:31]} 31. Qe4 {[%emt 0:05:26]} hxg4 {[%emt 0:01:31]} 32. R1d5 {[%emt 0:02:47]} Rf6 {[%emt 0:02:51]} 33. Rxg5+ {[%emt 0:00:05]} Kh8 {[%emt 0:00:12]} 34. Qxg4 {[%emt 0:00:26]} Rh6 {[%emt 0:00:13]} 35. Rg7 {[%emt 0:01:19]} Qb8 {[%emt 0:03:37]} 36. h3 {[%emt 0:00:30]} Rh4 {[%emt 0:00:42]} 37. Qxh4+ {[%emt 0:00:37]} Bxh4 {[%emt 0:00:04]} 38. Rh7+ {[%emt 0:00:03]} Kg8 {[%emt 0:00:04]} 39. Rdg7+ {[%emt 0:00:02]} Kf8 {[%emt 0:00:02]} 40. Rh8+ {[%emt 0:00:04]} Kxg7 {[%emt 0:00:02]} 41. Rxb8 {[%emt 0:00:02]} Kf6 {[%emt 0:00:46]} 42. Rb6 {[%emt 0:00:16]} Ke5 {[%emt 0:00:05]} 43. Rxa6 {[%emt 0:00:15]} c4 {[%emt 0:00:03]} 44. bxc4 {[%emt 0:00:02]} bxc4 {[%emt 0:00:07]} 45. Rc6 {[%emt 0:00:29]} Kd5 {[%emt 0:00:12]} 46. Rc7 {[%emt 0:00:03]} 1-0

[Event "EYCC Open U14 2021"]
[Site "Tornelo"]
[Date "2021.10.15"]
[Round "9.2"]
[White "Zakharov, Alexey O."]
[Black "Palczert, Matyas"]
[Result "1-0"]
[WhiteElo "1962"]
[BlackElo "2204"]
[Annotator "ChessBase"]
[PlyCount "55"]
[EventDate "2021.10.15"]
[EventType "swiss"]
[EventCountry "NET"]
[SourceTitle "playchess.com"]
[Source "ChessBase"]
[SourceQuality "1"]
[TimeControl "5400+30"]

1. Nf3 {[%emt 0:00:30]} Nf6 {[%emt 0:00:50]} 2. g3 {[%emt 0:00:13]} d5 {[%emt 0:00:24]} 3. Bg2 {[%emt 0:00:13]} e6 {[%emt 0:00:14]} 4. O-O {[%emt 0:00:09]} Be7 {[%emt 0:00:18]} 5. d3 {[%emt 0:00:07]} O-O {[%emt 0:00:45]} 6. Nbd2 {[%emt 0:00:10]} c5 {[%emt 0:00:36]} 7. e4 {[%emt 0:00:20]} Nc6 {[%emt 0:00:35]} 8. e5 {[%emt 0:00:28]} Nd7 {[%emt 0:00:29]} 9. Re1 {[%emt 0:00:11]} Qc7 {[%emt 0:00:26]} 10. Qe2 {[%emt 0:00:23]} b5 {[%emt 0:00:49]} 11. Nf1 {[%emt 0:00:32]} Bb7 {[%emt 0:00:33]} 12. h4 {[%emt 0:00:45]} Rfc8 {[%emt 0:00:29]} 13. Bf4 {[%emt 0:01:01]} Qd8 {[%emt 0:00:39]} 14. h5 {[%emt 0:12:45]} h6 {[%emt 0:00:19]} 15. Qd2 {[%emt 0:01:56]} Bf8 {[%emt 0:09:22]} 16. N1h2 {[%emt 0:01:39]} a5 {[%emt 0:01:26]} 17. g4 {[%emt 0:02:35]} Ne7 {[%emt 0:17:02]} 18. g5 {[%emt 0:15:29]} hxg5 {[%emt 0:08:20]} 19. Bxg5 {[%emt 0:00:17]} Qe8 {[%emt 0:04:41]} 20. Qf4 {[%emt 0:05:40]} Nf5 {[%emt 0:11:21]} 21. Bh3 {[%emt 0:20:31]} d4 {[%emt 0:03:47]} 22. Nh4 {[%emt 0:10:43]} Nxh4 {[%emt 0:07:00]} 23. Qxh4 {[%emt 0:00:22]} Nb6 {[%emt 0:08:02]} 24. Ng4 {[%emt 0:09:21]} Qc6 {[%emt 0:02:41]} 25. Re4 {[%emt 0:00:39]} Qe8 {[%emt 0:03:16]} 26. h6 {[%emt 0:02:16]} Bxe4 {[%emt 0:00:26]} 27. hxg7 {[%emt 0:00:12]} Bxg7 {[%emt 0:00:23]} 28. Nf6+ {[%emt 0:00:22]} 1-0

[Event "EYCC Open U14 2021"]
[Site "Tornelo"]
[Date "2021.10.15"]
[Round "9.3"]
[White "Ponomarev, Vsevolod"]
[Black "Taspinar, Yanki"]
[Result "0-1"]
[WhiteElo "2135"]
[BlackElo "2147"]
[Annotator "ChessBase"]
[PlyCount "84"]
[EventDate "2021.10.15"]
[EventType "swiss"]
[EventCountry "NET"]
[SourceTitle "playchess.com"]
[Source "ChessBase"]
[SourceQuality "1"]
[TimeControl "5400+30"]

1. e4 {[%emt 0:00:30]} e5 {[%emt 0:00:36]} 2. Nf3 {[%emt 0:00:03]} Nc6 {[%emt 0:00:09]} 3. d4 {[%emt 0:00:02]} exd4 {[%emt 0:00:07]} 4. Bc4 {[%emt 0:00:02]} Nf6 {[%emt 0:00:07]} 5. e5 {[%emt 0:00:08]} d5 {[%emt 0:00:06]} 6. Bb5 {[%emt 0:00:02]} Ne4 {[%emt 0:00:06]} 7. Nxd4 {[%emt 0:00:24]} Bd7 {[%emt 0:00:10]} 8. Bxc6 {[%emt 0:00:02]} bxc6 {[%emt 0:00:07]} 9. O-O {[%emt 0:00:06]} Bc5 {[%emt 0:00:09]} 10. f3 {[%emt 0:00:04]} Ng5 {[%emt 0:00:07]} 11. f4 {[%emt 0:00:01]} Ne4 {[%emt 0:00:14]} 12. Be3 {[%emt 0:00:08]} Bb6 {[%emt 0:00:16]} 13. Nd2 {[%emt 0:00:06]} Nxd2 {[%emt 0:00:06]} 14. Qxd2 {[%emt 0:00:03]} c5 {[%emt 0:00:07]} 15. Nf3 {[%emt 0:00:02]} d4 {[%emt 0:00:10]} 16. Bf2 {[%emt 0:00:03]} Bc6 {[%emt 0:00:12]} 17. Bh4 {[%emt 0:00:08]} Qd7 {[%emt 0:00:07]} 18. Rad1 {[%emt 0:00:18]} Qg4 {[%emt 0:05:21]} 19. h3 {[%emt 0:00:30]} Qh5 {[%emt 0:00:10]} 20. Qe1 {[%emt 0:04:26]} Qf5 {[%emt 0:05:04]} 21. Qg3 {[%emt 0:07:13]} Qg6 {[%emt 0:02:02]} 22. Ng5 {[%emt 0:11:58]} Qf5 {[%emt 0:04:22]} 23. e6 {[%emt 0:07:55]} O-O {[%emt 0:03:47]} 24. exf7+ {[%emt 0:05:11]} Kh8 {[%emt 0:00:34]} 25. Rde1 {[%emt 0:00:25]} h6 {[%emt 0:05:04]} 26. Ne6 {[%emt 0:05:16]} Rxf7 {[%emt 0:00:53]} 27. Nd8 {[%emt 0:00:04]} Rxd8 {[%emt 0:02:28]} 28. Bxd8 {[%emt 0:00:04]} Qxc2 {[%emt 0:02:20]} 29. Re7 {[%emt 0:11:42]} Rxe7 {[%emt 0:01:49]} 30. Bxe7 {[%emt 0:00:05]} Qf5 {[%emt 0:02:48]} 31. b3 {[%emt 0:10:35]} Be4 {[%emt 0:04:25]} 32. Qe1 {[%emt 0:08:15]} Qe6 {[%emt 0:15:27]} 33. Bh4 {[%emt 0:00:32]} Qg6 {[%emt 0:00:15]} 34. g4 {[%emt 0:05:34]} Bb7 {[%emt 0:12:10]} 35. f5 {[%emt 0:04:35]} Qc6 {[%emt 0:00:53]} 36. Qg3 {[%emt 0:00:02]} c4 {[%emt 0:02:10]} 37. Kh2 {[%emt 0:04:45]} Bc5 {[%emt 0:00:24]} 38. Qg1 {[%emt 0:02:45]} d3 {[%emt 0:00:45]} 39. Bf2 {[%emt 0:00:02]} Qd6+ {[%emt 0:00:23]} 40. Qg3 {[%emt 0:00:04]} Bxf2 {[%emt 0:00:29]} 41. Qxd6 {[%emt 0:00:16]} cxd6 {[%emt 0:00:07]} 42. bxc4 {[%emt 0:00:07]} d2 {[%emt 0:00:07]} 0-1

[Event "EYCC Open U14 2021"]
[Site "Tornelo"]
[Date "2021.10.15"]
[Round "9.4"]
[White "Macias Pino, Diego"]
[Black "Khubukshanov, Erdem"]
[Result "0-1"]
[WhiteElo "2365"]
[BlackElo "2373"]
[Annotator "ChessBase"]
[PlyCount "74"]
[EventDate "2021.10.15"]
[EventType "swiss"]
[EventCountry "NET"]
[SourceTitle "playchess.com"]
[Source "ChessBase"]
[SourceQuality "1"]
[TimeControl "5400+30"]

1. e4 {[%emt 0:00:30]} c6 {[%emt 0:00:33]} 2. Nc3 {[%emt 0:00:09]} d5 {[%emt 0:00:03]} 3. Nf3 {[%emt 0:00:09]} dxe4 {[%emt 0:00:02]} 4. Nxe4 {[%emt 0:00:07]} Nf6 {[%emt 0:00:03]} 5. Qe2 {[%emt 0:00:05]} Nxe4 {[%emt 0:00:04]} 6. Qxe4 {[%emt 0:00:03]} Nd7 {[%emt 0:00:03]} 7. Bc4 {[%emt 0:00:08]} Nf6 {[%emt 0:00:03]} 8. Ne5 {[%emt 0:00:06]} e6 {[%emt 0:00:03]} 9. Qe2 {[%emt 0:00:12]} b5 {[%emt 0:00:03]} 10. Bd3 {[%emt 0:01:05]} Bb7 {[%emt 0:00:06]} 11. a4 {[%emt 0:02:25]} a6 {[%emt 0:09:48]} 12. b3 {[%emt 0:01:53]} Bc5 {[%emt 0:18:27]} 13. c3 {[%emt 0:22:30]} Qd5 {[%emt 0:02:30]} 14. O-O {[%emt 0:02:02]} Qxb3 {[%emt 0:00:31]} 15. axb5 {[%emt 0:01:29]} cxb5 {[%emt 0:00:55]} 16. c4 {[%emt 0:01:56]} b4 {[%emt 0:02:15]} 17. Ba3 {[%emt 0:02:42]} bxa3 {[%emt 0:01:13]} 18. Rfb1 {[%emt 0:00:10]} Qa4 {[%emt 0:00:05]} 19. Rxb7 {[%emt 0:00:06]} O-O {[%emt 0:00:03]} 20. Nf3 {[%emt 0:01:52]} Rab8 {[%emt 0:01:45]} 21. Rxb8 {[%emt 0:03:46]} Rxb8 {[%emt 0:00:05]} 22. h3 {[%emt 0:00:09]} Rd8 {[%emt 0:08:38]} 23. Be4 {[%emt 0:09:18]} a5 {[%emt 0:06:53]} 24. Bb1 {[%emt 0:02:38]} Qb3 {[%emt 0:03:00]} 25. d3 {[%emt 0:00:30]} Qc3 {[%emt 0:06:30]} 26. Ra2 {[%emt 0:01:00]} Rb8 {[%emt 0:00:08]} 27. Qc2 {[%emt 0:00:06]} Qb4 {[%emt 0:00:08]} 28. Ra1 {[%emt 0:00:19]} g6 {[%emt 0:03:32]} 29. Kf1 {[%emt 0:02:44]} Qb2 {[%emt 0:02:13]} 30. Qxb2 {[%emt 0:00:08]} Rxb2 {[%emt 0:00:02]} 31. d4 {[%emt 0:00:06]} Bb4 {[%emt 0:00:03]} 32. c5 {[%emt 0:02:18]} Kf8 {[%emt 0:08:09]} 33. Ne5 {[%emt 0:00:22]} Bc3 {[%emt 0:03:47]} 34. c6 {[%emt 0:01:48]} Ne8 {[%emt 0:01:36]} 35. Bd3 {[%emt 0:02:42]} a2 {[%emt 0:00:54]} 36. Nc4 {[%emt 0:00:50]} Rxf2+ {[%emt 0:00:04]} 37. Kxf2 {[%emt 0:00:41]} Bxa1 {[%emt 0:00:02]} 0-1

[Event "EYCC Open U14 2021"]
[Site "Tornelo"]
[Date "2021.10.15"]
[Round "9.5"]
[White "Vergara Anton, Diego"]
[Black "Uritsky, Yonathan"]
[Result "1/2-1/2"]
[WhiteElo "2258"]
[BlackElo "2081"]
[Annotator "ChessBase"]
[PlyCount "179"]
[EventDate "2021.10.15"]
[EventType "swiss"]
[EventCountry "NET"]
[SourceTitle "playchess.com"]
[Source "ChessBase"]
[SourceQuality "1"]
[TimeControl "5400+30"]

1. d4 {[%emt 0:00:30]} Nf6 {[%emt 0:00:39]} 2. Nf3 {[%emt 0:00:07]} g6 {[%emt 0:00:03]} 3. g3 {[%emt 0:00:06]} Bg7 {[%emt 0:00:03]} 4. Bg2 {[%emt 0:00:10]} O-O {[%emt 0:00:04]} 5. O-O {[%emt 0:00:08]} c5 {[%emt 0:00:08]} 6. dxc5 {[%emt 0:01:29]} Na6 {[%emt 0:00:08]} 7. Be3 {[%emt 0:01:11]} Qc7 {[%emt 0:04:30]} 8. Nc3 {[%emt 0:05:27]} Nxc5 {[%emt 0:01:08]} 9. Nb5 {[%emt 0:07:06]} Qb6 {[%emt 0:01:48]} 10. a4 {[%emt 0:01:15]} Ng4 {[%emt 0:09:05]} 11. Bd4 {[%emt 0:02:30]} Bxd4 {[%emt 0:08:05]} 12. Qxd4 {[%emt 0:00:11]} d6 {[%emt 0:00:06]} 13. Rfd1 {[%emt 0:07:38]} Bd7 {[%emt 0:03:22]} 14. Nc3 {[%emt 0:07:32]} Nf6 {[%emt 0:01:01]} 15. a5 {[%emt 0:09:15]} Qc7 {[%emt 0:00:15]} 16. Nd5 {[%emt 0:06:23]} Nxd5 {[%emt 0:00:20]} 17. Qxd5 {[%emt 0:00:06]} Rac8 {[%emt 0:03:38]} 18. Qg5 {[%emt 0:06:09]} Bc6 {[%emt 0:04:19]} 19. Qh6 {[%emt 0:01:08]} Ne6 {[%emt 0:05:03]} 20. c3 {[%emt 0:01:28]} b6 {[%emt 0:06:54]} 21. h4 {[%emt 0:04:26]} Be4 {[%emt 0:05:55]} 22. h5 {[%emt 0:04:53]} Qc5 {[%emt 0:02:24]} 23. hxg6 {[%emt 0:02:46]} fxg6 {[%emt 0:00:37]} 24. Bh3 {[%emt 0:02:39]} Bf5 {[%emt 0:00:45]} 25. Bxf5 {[%emt 0:00:31]} Rxf5 {[%emt 0:00:03]} 26. Qh4 {[%emt 0:02:33]} Rf6 {[%emt 0:05:28]} 27. axb6 {[%emt 0:01:15]} Qxb6 {[%emt 0:00:37]} 28. Rd2 {[%emt 0:03:29]} Rcf8 {[%emt 0:01:15]} 29. Qc4 {[%emt 0:01:16]} Kh8 {[%emt 0:02:14]} 30. Qa6 {[%emt 0:01:15]} Ng5 {[%emt 0:03:05]} 31. Qxb6 {[%emt 0:00:58]} Nxf3+ {[%emt 0:00:09]} 32. exf3 {[%emt 0:00:07]} axb6 {[%emt 0:00:07]} 33. f4 {[%emt 0:00:05]} Rc8 {[%emt 0:02:12]} 34. Ra7 {[%emt 0:00:29]} Re6 {[%emt 0:00:04]} 35. Rb7 {[%emt 0:00:46]} Rc6 {[%emt 0:00:08]} 36. Rd5 {[%emt 0:00:55]} Rc5 {[%emt 0:00:05]} 37. Rd4 {[%emt 0:00:45]} Rc6 {[%emt 0:00:34]} 38. Rb4 {[%emt 0:04:27]} d5 {[%emt 0:00:04]} 39. Rd4 {[%emt 0:00:23]} Rcd6 {[%emt 0:00:23]} 40. Ra7 {[%emt 0:00:53]} Kg7 {[%emt 0:00:57]} 41. Kf1 {[%emt 0:00:21]} Kf6 {[%emt 0:00:20]} 42. Ra1 {[%emt 0:00:16]} Rd7 {[%emt 0:00:47]} 43. Rad1 {[%emt 0:01:08]} Red6 {[%emt 0:00:05]} 44. Re1 {[%emt 0:00:20]} Re6 {[%emt 0:01:32]} 45. Rxe6+ {[%emt 0:00:29]} Kxe6 {[%emt 0:00:08]} 46. Rb4 {[%emt 0:00:23]} Rd6 {[%emt 0:00:20]} 47. Ke2 {[%emt 0:00:19]} Kf5 {[%emt 0:00:26]} 48. Ke3 {[%emt 0:00:49]} Kg4 {[%emt 0:00:41]} 49. Kd4 {[%emt 0:01:41]} Kf3 {[%emt 0:00:33]} 50. Ke5 {[%emt 0:00:44]} h5 {[%emt 0:01:04]} 51. f5 {[%emt 0:02:00]} g5 {[%emt 0:00:54]} 52. Ra4 {[%emt 0:00:20]} Rd7 {[%emt 0:02:39]} 53. Ke6 {[%emt 0:01:05]} Rc7 {[%emt 0:00:50]} 54. Kf7 {[%emt 0:01:01]} Kxf2 {[%emt 0:04:11]} 55. Kg6 {[%emt 0:00:08]} Kxg3 {[%emt 0:07:33]} 56. Kxh5 {[%emt 0:00:46]} Rc4 {[%emt 0:03:39]} 57. Rxc4 {[%emt 0:01:35]} dxc4 {[%emt 0:00:19]} 58. Kxg5 {[%emt 0:00:06]} Kf3 {[%emt 0:01:35]} 59. Kg6 {[%emt 0:00:22]} Ke4 {[%emt 0:00:14]} 60. Kf7 {[%emt 0:00:06]} Kxf5 {[%emt 0:00:09]} 61. Kxe7 {[%emt 0:00:09]} Ke5 {[%emt 0:00:54]} 62. Kd7 {[%emt 0:00:18]} Kd5 {[%emt 0:00:18]} 63. Kc7 {[%emt 0:00:24]} Kc5 {[%emt 0:00:08]} 64. Kb7 {[%emt 0:00:34]} Kb5 {[%emt 0:00:28]} 65. Kc7 {[%emt 0:00:08]} Ka5 {[%emt 0:00:26]} 66. Kc6 {[%emt 0:00:27]} b5 {[%emt 0:00:18]} 67. Kc5 {[%emt 0:00:11]} Ka6 {[%emt 0:00:22]} 68. Kc6 {[%emt 0:00:45]} Ka5 {[%emt 0:00:15]} 69. Kb7 {[%emt 0:00:43]} b4 {[%emt 0:00:24]} 70. Kc6 {[%emt 0:00:17]} bxc3 {[%emt 0:00:07]} 71. bxc3 {[%emt 0:00:05]} Ka6 {[%emt 0:00:06]} 72. Kc5 {[%emt 0:00:41]} Kb7 {[%emt 0:00:04]} 73. Kb5 {[%emt 0:00:10]} Kc7 {[%emt 0:00:05]} 74. Kxc4 {[%emt 0:00:06]} Kc6 {[%emt 0:00:03]} 75. Kd4 {[%emt 0:00:06]} Kd6 {[%emt 0:00:03]} 76. c4 {[%emt 0:00:05]} Kc6 {[%emt 0:00:04]} 77. c5 {[%emt 0:00:05]} Kc7 {[%emt 0:00:04]} 78. Kd5 {[%emt 0:00:05]} Kd7 {[%emt 0:00:04]} 79. Kc4 {[%emt 0:00:09]} Kc6 {[%emt 0:00:05]} 80. Kb4 {[%emt 0:00:02]} Kc7 {[%emt 0:00:05]} 81. Kb5 {[%emt 0:00:05]} Kb7 {[%emt 0:00:04]} 82. c6+ {[%emt 0:00:05]} Kc7 {[%emt 0:00:06]} 83. Kc5 {[%emt 0:00:05]} Kc8 {[%emt 0:00:08]} 84. Kd5 {[%emt 0:00:09]} Kc7 {[%emt 0:00:04]} 85. Kc5 {[%emt 0:00:06]} Kc8 {[%emt 0:00:05]} 86. Kb4 {[%emt 0:00:04]} Kc7 {[%emt 0:00:04]} 87. Kb5 {[%emt 0:00:05]} Kc8 {[%emt 0:00:06]} 88. Kb6 {[%emt 0:00:05]} Kb8 {[%emt 0:00:04]} 89. c7+ {[%emt 0:00:05]} Kc8 {[%emt 0:00:03]} 90. Kc6 {[%emt 0:00:03]} 1/2-1/2

[Event "EYCC Open U14 2021"]
[Site "Tornelo"]
[Date "2021.10.15"]
[Round "9.6"]
[White "Krawczyk, Flawian"]
[Black "Tarhan, Adar"]
[Result "1-0"]
[WhiteElo "2070"]
[BlackElo "2208"]
[Annotator "ChessBase"]
[PlyCount "127"]
[EventDate "2021.10.15"]
[EventType "swiss"]
[EventCountry "NET"]
[SourceTitle "playchess.com"]
[Source "ChessBase"]
[SourceQuality "1"]
[TimeControl "5400+30"]

1. d4 {[%emt 0:00:30]} d5 {[%emt 0:00:33]} 2. Nf3 {[%emt 0:00:37]} Bf5 {[%emt 0:00:56]} 3. c4 {[%emt 0:00:49]} e6 {[%emt 0:01:09]} 4. Nc3 {[%emt 0:00:08]} Nf6 {[%emt 0:00:15]} 5. Bg5 {[%emt 0:01:20]} Be7 {[%emt 0:00:32]} 6. Bxf6 {[%emt 0:03:00]} Bxf6 {[%emt 0:01:03]} 7. cxd5 {[%emt 0:01:42]} exd5 {[%emt 0:01:07]} 8. Qb3 {[%emt 0:01:13]} Nc6 {[%emt 0:05:08]} 9. Qxd5 {[%emt 0:07:20]} Nxd4 {[%emt 0:01:09]} 10. Nxd4 {[%emt 0:00:19]} Qxd5 {[%emt 0:00:07]} 11. Nxd5 {[%emt 0:00:22]} Bxd4 {[%emt 0:00:22]} 12. Nxc7+ {[%emt 0:14:15]} Ke7 {[%emt 0:04:02]} 13. Nd5+ {[%emt 0:05:27]} Ke6 {[%emt 0:01:17]} 14. Nc3 {[%emt 0:00:24]} Rhc8 {[%emt 0:05:35]} 15. Rc1 {[%emt 0:00:32]} b5 {[%emt 0:01:26]} 16. e3 {[%emt 0:01:24]} Bxc3+ {[%emt 0:02:45]} 17. Rxc3 {[%emt 0:02:35]} b4 {[%emt 0:00:30]} 18. Rc4 {[%emt 0:01:25]} Ke7 {[%emt 0:07:38]} 19. Kd2 {[%emt 0:06:20]} a5 {[%emt 0:03:31]} 20. Bd3 {[%emt 0:09:07]} Be6 {[%emt 0:03:22]} 21. Rxc8 {[%emt 0:00:20]} Rxc8 {[%emt 0:00:07]} 22. a3 {[%emt 0:01:33]} bxa3 {[%emt 0:05:32]} 23. bxa3 {[%emt 0:00:46]} Rd8 {[%emt 0:00:15]} 24. Rc1 {[%emt 0:00:43]} Rb8 {[%emt 0:00:46]} 25. Rb1 {[%emt 0:06:53]} Rd8 {[%emt 0:00:37]} 26. Rb7+ {[%emt 0:08:23]} Kf6 {[%emt 0:01:06]} 27. Rb6 {[%emt 0:01:06]} Ke7 {[%emt 0:00:59]} 28. Rb7+ {[%emt 0:02:05]} Kf8 {[%emt 0:03:22]} 29. Ke2 {[%emt 0:01:25]} a4 {[%emt 0:06:35]} 30. Rb4 {[%emt 0:00:38]} Bb3 {[%emt 0:00:43]} 31. e4 {[%emt 0:02:05]} g6 {[%emt 0:01:10]} 32. f4 {[%emt 0:02:00]} Rc8 {[%emt 0:01:01]} 33. Kd2 {[%emt 0:00:14]} Kg7 {[%emt 0:00:27]} 34. g4 {[%emt 0:00:24]} Rc5 {[%emt 0:01:35]} 35. h4 {[%emt 0:03:33]} Rc8 {[%emt 0:00:44]} 36. g5 {[%emt 0:02:16]} Rc7 {[%emt 0:02:12]} 37. f5 {[%emt 0:01:17]} h6 {[%emt 0:00:55]} 38. Rb6 {[%emt 0:02:53]} hxg5 {[%emt 0:02:20]} 39. hxg5 {[%emt 0:00:12]} Rc5 {[%emt 0:00:55]} 40. Rb5 {[%emt 0:01:59]} Rc7 {[%emt 0:00:29]} 41. Rb6 {[%emt 0:04:23]} Rc5 {[%emt 0:00:57]} 42. Ra6 {[%emt 0:00:26]} Re5 {[%emt 0:03:33]} 43. Kc3 {[%emt 0:01:50]} Rc5+ {[%emt 0:00:07]} 44. Kd4 {[%emt 0:00:18]} Rc1 {[%emt 0:00:19]} 45. fxg6 {[%emt 0:00:07]} fxg6 {[%emt 0:00:41]} 46. e5 {[%emt 0:04:14]} Ra1 {[%emt 0:00:13]} 47. e6 {[%emt 0:00:12]} Rxa3 {[%emt 0:00:51]} 48. e7 {[%emt 0:01:43]} Bf7 {[%emt 0:00:37]} 49. Rxg6+ {[%emt 0:00:29]} Kh8 {[%emt 0:00:27]} 50. Rf6 {[%emt 0:00:17]} Kg7 {[%emt 0:00:11]} 51. Rg6+ {[%emt 0:00:41]} Kh8 {[%emt 0:00:07]} 52. Rh6+ {[%emt 0:00:03]} Kg7 {[%emt 0:00:05]} 53. Rh7+ {[%emt 0:00:08]} Kg8 {[%emt 0:00:07]} 54. Bc4 {[%emt 0:00:29]} Kxh7 {[%emt 0:00:27]} 55. Bxf7 {[%emt 0:00:13]} Rg3 {[%emt 0:00:07]} 56. g6+ {[%emt 0:00:20]} Kg7 {[%emt 0:00:12]} 57. e8=Q {[%emt 0:00:06]} Rg4+ {[%emt 0:00:18]} 58. Ke3 {[%emt 0:00:12]} a3 {[%emt 0:00:09]} 59. Qe5+ {[%emt 0:00:21]} Kf8 {[%emt 0:00:24]} 60. g7+ {[%emt 0:00:06]} Kxf7 {[%emt 0:00:05]} 61. Qf5+ {[%emt 0:00:05]} Kg8 {[%emt 0:00:06]} 62. Qxg4 {[%emt 0:00:06]} a2 {[%emt 0:00:13]} 63. Qe6+ {[%emt 0:00:04]} Kh7 {[%emt 0:00:07]} 64. g8=Q# {[%emt 0:00:08]} 1-0